• 首页
  • 本馆介绍
  • 公告通知
  • 最新文献
  • 馆藏检索
  • 电子资源
  • 读者导购
  • 参考咨询
  • 我的图书馆
  • 登录
  • 详细信息显示
  • 放入我的书架
  • 预约/预借图书
  • 作者相关作品
  • 分类相关作品
  • 丛书相关作品
  • 出版社相关作品

书目信息

  • 表格格式
  • 工作单格式
  • 卡片格式
题名:
中国农村现代化
    
 
作者: 王立胜 著
分册:  
出版信息: 北京   人民出版社  2009.10
页数: 695页
开本: 24cm
丛书名:
单 册:
中图分类: F320.1
科图分类:
主题词: 农业现代化--研究--中国 , 农业现代化
电子资源:
ISBN: 978-7-01-008304-9
000 00815nam0 2200241 450
001 010700082434
005 20120619083812.21
010    @a978-7-01-008304-9@dCNY86.00
100    @a20091208d2009 em y0chiy0110 ea
101 0  @achi
102    @aCN@b110000
105    @ay z 000yy
106    @ar
200 1  @a中国农村现代化@9zhong guo nong cun xian dai hua@e思路与出路@f王立胜著
210    @a北京@c人民出版社@d2009.10
215    @a695页@d24cm
330    @a全书共分三编:理论思考、实践探索、读书笔记,内容包括:农村税费改革背景下的乡村关系;中国农村现代化研究的理论原型与核心命题——从“社会基础”概念的角度等。
606 0  @a农业现代化@x研究@y中国
606 0  @a农业现代化
690    @aF320.1@v4
701  0 @a王立胜@9wang li sheng@4著
801  0 @aCN@bRENTIAN@c20091208
905    @b539198-202@dF320.1@e131@f5
    
    中国农村现代化:思路与出路/王立胜著.-北京:人民出版社,2009.10
    695页;24cm
    
    
    ISBN 978-7-01-008304-9:CNY86.00
    全书共分三编:理论思考、实践探索、读书笔记,内容包括:农村税费改革背景下的乡村关系;中国农村现代化研究的理论原型与核心命题——从“社会基础”概念的角度等。
●
相关链接 在E读中查询图书 在五车中查询图书 在当当中查询图书 在豆瓣中查询图书


正题名:中国农村现代化     索取号:F320.1/131         预约/预借

序号 登录号 条形码 馆藏地/架位号 状态 备注
1 539198   205391985   第一样本阅览室/ [索取号:F320.1/131] 在馆    
2 539199   205391994   第一借阅区/ [索取号:F320.1/131] 在馆    
3 539200   205392001   第一借阅区/ [索取号:F320.1/131] 在馆    
4 539201   205392010   第一借阅区/ [索取号:F320.1/131] 在馆    
5 539202   205392029   第一借阅区/ [索取号:F320.1/131] 在馆    
唐山师范学院图书馆 欢迎您!
大连网信软件有限公司© 版权所有